Les clubs qui ont joué le plus de match en Ligue 1 - Statistiques

Statistiques générales
  • Ce quiz a été pris 54 fois
  • Le résultat moyen est 3 sur 10
Statistiques - réponses
Classement Réponse Nombre de matchs % Correct
1 Olympique de Marseille 2684
65%
2 St Etienne 2566
63%
3 Girondins de Bordeaux 2544
37%
5 AS Monaco 2438
33%
8 LOSC 2396
33%
7 OGC Nice 2410
33%
4 Stade Rennais 2442
33%
9 FC Sochaux 2368
16%
10 RC Strasbourg 2301
8%
6 Olympique de Lyon 2434
6%
Aucun quiz correspondant
Distribution des résultats
% des personnes avec chaque résultat
Percentile par nombre de réponses
Votre historique - résultats
Vous n’avez pas pris ce quiz